000 01012nam a2200301 i 4500
001 8080
003 KOSZ 005
005 20200630132817.0
008 981002s1969 pl a g 000 0 pol d
015 _aPB 1969/6659
040 _aWA N
_cKOSZ 005/RW
_dKOSZ 005/RW
041 1 _apol
_hger
080 _a378.02:001.81
100 1 _aRiechert, Johannes.
_eAutor.
245 1 0 _aJak studiować? /
_cJohannes Riechert ; tł. Anna Szewczuk.
246 1 _iTyt. oryg.:
_aÖkonomie des Studierens.
260 _aWarszawa :
_bPaństwowe Wydawnictwo Naukowe,
_c1969.
300 _a201, [2] s. :
_bil. ;
_c20 cm.
380 _aKsiążki.
546 _aStreszcz. niem.
650 4 _aNauczanie
655 4 _aPoradnik
650 4 _aUczenie się
700 1 _aSzewczuk, Anna
_d(1918-2005)
_eTłumaczenie
710 2 _aPaństwowe Wydawnictwo Naukowe
_4pbl.
856 _uhttp://koha.tu.koszalin.pl/cgi-bin/koha/opac-detail.pl?biblionumber=8080
_yKatalog online BPK
942 _2UKD
_cKS
999 _c8080
_d8080